000 00262nam a22001097a 4500
008 170123b xxu||||| |||| 00| 0 eng d
020 _a9781933107844
041 _aeng
080 _25TH
_a618.2
245 _aRN PHARMACOLOGY FOR NURSING
_cKNIPPA, A
942 _2udc
_cBK
999 _c3344
_d3344